Tribal art of Dangs (Record no. 595598)

MARC details
000 -LEADER
fixed length control field 00366nam a2200145Ia 4500
008 - FIXED-LENGTH DATA ELEMENTS--GENERAL INFORMATION
fixed length control field 100415s9999 xx 000 0 und d
082 ## - DEWEY DECIMAL CLASSIFICATION NUMBER
Item number 12681
Classification number 572.9(5475)
100 ## - MAIN ENTRY--PERSONAL NAME
Personal name Koppar DH
245 ## - TITLE STATEMENT
Title Tribal art of Dangs
260 ## - PUBLICATION, DISTRIBUTION, ETC. (IMPRINT)
Place of publication, distribution, etc BARODA
Date of publication, distribution, etc 1971
Name of publisher, distributor, etc DEPT. OF MUSEUMS
365 ## - TRADE PRICE
Price amount 44
630 ## - SUBJECT ADDED ENTRY--UNIFORM TITLE
Uniform title Tribal art of Dangs
730 ## - ADDED ENTRY--UNIFORM TITLE
Uniform title Tribal art of Dangs
942 ## - ADDED ENTRY ELEMENTS (KOHA)
Koha item type Book
Holdings
Withdrawn status Lost status Damaged status Not for loan Home library Current library Date acquired Cost, normal purchase price Total Checkouts Full call number Barcode Date last seen Price effective from Koha item type
        Bombay Natural History Society Bombay Natural History Society 07/27/1994 44.00   572.9(5475) 12681 BNHS-12681 04/15/2010 04/15/2010 Book